000 00371pam a2200157a 44500
008 230515b1976 xxu||||| |||| 00| 0 eng d
020 _aNULL
041 _aENGLISH
082 _a001.539 /SER/VAS
100 _aSERGEEV N. / VASKEVICH
245 _aAN INTRODUCTION TO COMPUTERS
250 _aNULL
260 _aNULL
_bMIR P
_c1976
300 _a304 HB
650 _aNULL
999 _c620138
_d620138